000 00455nam a2200145Ia 4500
008 221007s9999 xx 000 0 und d
041 _aeng
082 _bPRI
100 _aPriyanka Patil - 2k171036 & Dr Suvarna Dhamadhere - Guide
_9104965
245 2 _aA Study Of Mobile Payment Apps With Special Reference To Bhim Upi
260 _c2018
_bSavitribai Phule Pune University
_aPune
300 _a32p
_cHard Bound
440 _v1
906 _bReference Books
999 _c78086
_d78086